000 00998nam a22003017a 4500
001 BR9402803
003 BR-BrBNA
005 20230928094027.0
007 ta
008 230509b bl.||||| |||| 00| 0 por d
040 _aBR-BrBNA
_bpor
_cBiblioteca Nacional de Agricultura
041 _a(Por)
072 _aF40; F63
090 _ F40 BR9402803
100 1 _aAmaral, W.A.N. do
110 1 _aEscola Superior de Agricultura Luiz de Queiroz, Piracicaba, SP (Brasil)
_0Tese (Mestre em Ciencias)
245 1 _aEcologia reprodutiva de Citharexylum myrianthum Cham. (Verbenaceae)em mata ciliar no municipio de Botucatu - SP
260 3 _aPiracicaba, SP (Brasil):
_c1993.
300 _a221 p.
500 _a19 graphs; 52 tables; Summaries (Eng, Por); Bibliography p. 169-198 (163 ref.)
650 _aPau-de-Viola
650 _aEcologia Florestal
650 _aDispersao de Semente
650 _aMata Ciliar
650 _aSao Paulo
909 _a202309
_bLucia
_c55
_dLucia Elande
942 _cBK
999 _c48492
_d48492